| 000 | 00635nam a2200205 a 4500 | ||
|---|---|---|---|
| 005 | 20140412111352.0 | ||
| 008 | 050425s19uu xx 00 eng d | ||
| 020 | _a0-02-660856-1 | ||
| 050 |
_aTR(GS 372.4 _bC258 2000 |
||
| 100 | _aCary, Alice | ||
| 245 |
_aPanda band : _bdecodable book / _cby Alice Cary ; illustrated by Roz Schanzer. |
||
| 260 |
_aColumbus, Ohio : _bSRA/McGraw-Hill, _c2000. |
||
| 300 | _a8 p. ; ill. | ||
| 440 | _aSRA Open Court Reading | ||
| 500 | _aLevel B, Set 1, Book 29 | ||
| 650 |
_aReading _xPhonetics _xJuvenile literature |
||
| 650 |
_aBand _xFiction |
||
| 650 | _aChildren stories | ||
| 999 |
_c105349 _d105349 |
||